Vóleibol actual: técnica, táctica, entrenamiento

שמור ב:
מידע ביבליוגרפי
מחבר ראשי: Kaplan, Oldrich (Author)
פורמט: ספר
שפה:ספרדית
יצא לאור: Buenos Aires Stadium 1974
מהדורה:2a. ed
נושאים:
תגים: הוספת תג
אין תגיות, היה/י הראשונ/ה לתייג את הרשומה!

MARC

LEADER 00000nam a2200000 a 4500
001 UCZ0761
003 CL-VaPUC
008 950809e19740000AG |||||||||||||||||spa|d
082 0 4 |a 796.325  |b KAP  |2 21 
100 0 |a Kaplan, Oldrich  |e author  |9 343965 
245 1 0 |a Vóleibol actual: técnica, táctica, entrenamiento 
250 |a 2a. ed 
300 |a 155 p 
942 |c BK 
945 |d 19950809 00:00:00  |a cmena 
260 |a Buenos Aires  |b Stadium  |c 1974 
650 0 |a Voleibol  |9 307522 
650 7 |a ENTRENAMIENTO ATLETICO  |2 CL-VaPUC  |9 343966 
650 0 |a Metodología   |9 256610 
583 |a last modification  |c 19950809 00:00:00  |k Rodrigo Vera 
999 |c 237667  |d 237665 
952 |0 0  |1 0  |4 0  |6 796_325000000000000_KAP_1974  |7 0  |8 P  |9 247228  |a BIBEDU  |b BIBEDU  |c BIBEDU_PB  |d 2019-11-18  |i 1554662  |o 796.325 KAP 1974  |p 1554662  |r 2024-01-25  |w 2019-11-18  |y BK  |k EDU 
952 |0 0  |1 0  |4 0  |6 796_325000000000000_KAP_1974  |7 0  |8 P  |9 247229  |a BIBEDU  |b BIBEDU  |c BIBEDU_PB  |d 2019-11-18  |i 1554670  |o 796.325 KAP 1974  |p 1554670  |r 2024-01-25  |w 2019-11-18  |y BK  |k EDU 
952 |0 0  |1 0  |4 0  |6 796_325000000000000_KAP_1974  |7 0  |8 P  |9 247230  |a BIBEDU  |b BIBEDU  |c BIBEDU_PB  |d 2019-11-18  |i 1554689  |o 796.325 KAP 1974  |p 1554689  |r 2024-01-25  |w 2019-11-18  |y BK  |k EDU